000
00497nam a2200145Ia 4500
008
090123s9999 xx 000 0 und d
082
_b
36908
245
_a
मौखिक परंपरेतील बालगीते
250
_a
1
260
_b
साहित्य अकादमी
_c
2004
300
_a
52
630
_a
मौखिक परंपरेतील बालगीते
730
_a
मौखिक परंपरेतील बालगीते
942
_c
BOOK
999
_c
74975
_d
74975